Xác suất và thống kê toán

Na minha lista:
Detalhes bibliográficos
Autor principal: Nguyễn Văn Sĩ
Formato: Livro
Idioma:Undetermined
Publicado em: Tp. HCM ĐHQG 2002
Assuntos:
Tags: Adicionar Tag
Sem tags, seja o primeiro a adicionar uma tag!
Thư viện lưu trữ: Trung tâm Học liệu Trường Đại học Cần Thơ
LEADER 00504nam a2200181Ia 4500
001 CTU_54611
008 210402s9999 xx 000 0 und d
020 |b 20000 
082 |a 519.2 
082 |b S300 
100 |a Nguyễn Văn Sĩ 
245 0 |a Xác suất và thống kê toán 
245 0 |c Nguyễn Văn Sĩ 
260 |a Tp. HCM 
260 |b ĐHQG 
260 |c 2002 
650 |a probabilities,mathematical statistics 
980 |a Trung tâm Học liệu Trường Đại học Cần Thơ